Memoria y cuenta general del Monte de Piedad y Caja de Ahorros de Madrid correspondiente a los años de 1882 a 1909 adicionadas con algunas noticias sobre los demás Montes de Piedad y Cajas de Ahorros / (Record no. 108224)

MARC details
000 -LEADER
campo de control de longitud fija 00802nam a2200181 4500
001 - NÚMERO DE CONTROL
campo de control 108224
003 - IDENTIFICADOR DE NÚMERO DE CONTROL
campo de control ES-MaACL
005 - FECHA Y HORA DE LA ÚLTIMA TRANSACCIÓN
campo de control 20230906184614.0
007 - CAMPO FIJO DE DESCRIPCIÓN FÍSICA--INFORMACIÓN GENERAL
campo de control de longitud fija t|
008 - DATOS DE LONGITUD FIJA--INFORMACIÓN GENERAL
campo de control de longitud fija 061121m18831910sp r ||||1| spa d
080 ## - NÚMERO DE LA CLASIFICACIÓN DECIMAL UNIVERSAL
Número de la Clasificación Decimal Universal 336.722(460.27 M.)(055.5)
110 2# - ENTRADA PRINCIPAL--NOMBRE DE ENTIDAD CORPORATIVA
Nombre de entidad corporativa o nombre de jurisdicción como elemento de entrada Monte de Piedad y Caja de Ahorros de Madrid.
9 (RLIN) 5765
245 10 - MENCIÓN DEL TÍTULO
Título Memoria y cuenta general del Monte de Piedad y Caja de Ahorros de Madrid correspondiente a los años de 1882 a 1909 adicionadas con algunas noticias sobre los demás Montes de Piedad y Cajas de Ahorros /
Mención de responsabilidad, etc. Monte de Piedad y Caja de Ahorros de Madrid.
260 ## - PUBLICACIÓN, DISTRIBUCIÓN, ETC.
Lugar de publicación, distribución, etc. Madrid :
Nombre del editor, distribuidor, etc. [s.n.],
Fecha de publicación, distribución, etc. 1883-1910 (
Fabricante Imp. de José de Rojas)
300 ## - DESCRIPCIÓN FÍSICA
Extensión 29 t. en 4 v. ;
Dimensiones 27 cm.
610 24 - PUNTO DE ACCESO ADICIONAL DE MATERIA--NOMBRE DE ENTIDAD CORPORATIVA
Nombre de entidad corporativa o nombre de jurisdicción como elemento de entrada Monte de Piedad y Caja de Ahorros de Madrid-
Subdivisión de forma Memorias.
9 (RLIN) 144680
852 ## - LOCALIZACIÓN
Ubicación ES-MaACL
Número de control de estantería C-15053-56
Holdings
Estatus retirado Estado de pérdida Estado de daño No para préstamo Colección Biblioteca de origen Biblioteca actual Ubicación en estantería Fecha de adquisición Fuente de adquisición Total de préstamos Signatura topográfica completa Código de barras Visto por última vez Precio de reemplazo Tipo de ítem Koha
        Libros del s. XIX Biblioteca del Ateneo de Madrid Biblioteca del Ateneo de Madrid Ficheros 17/01/2008     C-15053-56 1112930 23/02/2023 23/02/2023 Libro impreso antiguo